Co To Za Miasta - Polska Edycja - Statystyki

Ogólne statystyki
  • Ten quiz został rozwiązany 141 razy
  • Średni wynik to 5 z 10
Statystyki odpowiedzi
Obrazkowy Odpowiedź % Poprawnych
Warszawa
99%
Kraków
97%
Łódź
68%
Katowice
57%
Bydgoszcz
50%
Częstochowa
47%
Białystok
40%
Sandomierz
33%
Radom
23%
Grudziądz
19%
Nie znaleziono quizów pasujących do podanych kryteriów
Rozkład punktacji
Procent ludzi z każdym wynikiem
Percentyl według liczby udzielonych odpowiedzi
Twoja historia wyników
Nie rozwiązałeś tego quizu